|
|
|
|
| LEADER |
00000nam a2200000 4500 |
| 001 |
vtls012127720 |
| 003 |
SK-MaSNL |
| 005 |
20260331212042.0 |
| 008 |
220318s2021 xo a a 000 0 slo |
| 015 |
|
|
|a SNBA2022/04
|
| 020 |
|
|
|a 9788056707777
|q (viazané)
|
| 040 |
|
|
|a SNK
|b slo
|c SNK
|e rda
|
| 041 |
1 |
|
|a slo
|h fre
|
| 044 |
|
|
|a xo
|c SK
|
| 072 |
|
7 |
|a 57/59
|x Biologické vedy
|2 konspekt
|
| 072 |
|
7 |
|a 0/9-053.2
|x Literatúra pre deti a mládež (náučná)
|2 konspekt
|
| 080 |
|
|
|a 574.2:630
|2 2011
|
| 080 |
|
|
|a (0.025.2)
|2 2011
|
| 080 |
|
|
|a (0.053.2)
|2 2011
|
| 100 |
1 |
|
|a Fouquier, Elsa
|4 ill
|9 767112
|
| 240 |
1 |
3 |
|a La forêt - mon imagier animé
|l Slovensky
|
| 245 |
1 |
0 |
|a Les
|b pohyblivá kniha
|c ilustrovala Elsa Fouquier ; preklad Jitka Madarásová
|
| 250 |
|
|
|a Prvé slovenské vydanie
|
| 264 |
|
1 |
|a Bratislava
|b Svojtka & Co., s.r.o.
|c 2021
|
| 300 |
|
|
|a 10 nečíslovaných strán
|b farebné ilustrácie
|c 18 cm
|
| 336 |
|
|
|a text
|b txt
|2 rdacontent
|
| 336 |
|
|
|a statický obraz
|b sti
|2 rdacontent
|
| 337 |
|
|
|a bez média
|b n
|2 rdamedia
|
| 338 |
|
|
|a zväzok
|b nc
|2 rdacarrier
|
| 500 |
|
|
|a Kartónové listy s otváracími okienkami a pohyblivými obrázkami
|
| 500 |
|
|
|a Preložené z francúzštiny
|
| 521 |
8 |
|
|a Pre deti od 3 rokov
|
| 650 |
0 |
7 |
|a lesné biotopy
|2 SNKPH
|9 87449
|
| 650 |
0 |
7 |
|a Forest biotopes
|2 SNKPHeng
|9 405892
|
| 655 |
|
7 |
|a publikácie pre deti
|2 SNKPH
|9 70148
|
| 655 |
|
7 |
|a Publications for children
|2 SNKPHeng
|9 276792
|
| 655 |
|
7 |
|a leporelá
|2 SNKPH
|9 60414
|
| 655 |
|
7 |
|a Picture books for children
|2 SNKPHeng
|9 277438
|
| 700 |
1 |
|
|a Madarásová, Jitka
|4 trl
|9 207448
|
| 919 |
|
|
|a 978-80-567-0777-7
|
| 958 |
|
|
|a DB
|
| 968 |
|
|
|b FR
|
| 999 |
|
|
|c 1214490
|d 1216420
|
| 952 |
|
|
|a SNK
|b SNK
|y PREZ
|7 0
|p 17A1480375
|o snkOSD 10665
|i snk2022/4283
|8 0
|0 0
|1 0
|4 0
|d 2022-03-18
|l 0
|r 2026-02-24 23:24:22
|w 2026-02-24
|
| 952 |
|
|
|a SNK
|b SNK
|y PREZ
|7 0
|p 17A1480376
|o snkOSD 10665 D1
|i snk2022/4284
|8 0
|0 0
|1 0
|4 0
|d 2022-03-18
|l 0
|r 2026-02-24 23:24:22
|w 2026-02-24
|